Natural building (Record no. 106317)
[ view plain ]
| 000 -LEADER | |
|---|---|
| fixed length control field | 01089cam a2200241 4500 |
| 001 - CONTROL NUMBER | |
| control field | L136102 |
| 008 - FIXED-LENGTH DATA ELEMENTS--GENERAL INFORMATION | |
| fixed length control field | 070109n2006 000 0 eng u |
| 020 ## - INTERNATIONAL STANDARD BOOK NUMBER | |
| International Standard Book Number | 1861268416 |
| 022 ## - INTERNATIONAL STANDARD SERIAL NUMBER | |
| International Standard Serial Number | 9781861268419 |
| 035 ## - SYSTEM CONTROL NUMBER | |
| System control number | (Sirsi) u136102 |
| 041 0# - LANGUAGE CODE | |
| Language code of text/sound track or separate title | eng |
| 050 04 - LIBRARY OF CONGRESS CALL NUMBER | |
| Classification number | 333.72 $2 18 |
| 100 1# - MAIN ENTRY--PERSONAL NAME | |
| Personal name | Woolley, Tom |
| 245 00 - TITLE STATEMENT | |
| Title | Natural building |
| Remainder of title | a guide to materials and techniques |
| 260 ## - PUBLICATION, DISTRIBUTION, ETC. | |
| Place of publication, distribution, etc. | Marlborough |
| Name of publisher, distributor, etc. | Crowood |
| Date of publication, distribution, etc. | 2006 |
| 300 ## - PHYSICAL DESCRIPTION | |
| Extent | 192p. |
| Dimensions | 26cm. |
| 505 0# - FORMATTED CONTENTS NOTE | |
| Formatted contents note | Earth building -- Timber building -- Straw-bale building -- Green and natural roofs -- Lime and masonry -- Hemp -- Natural insulation materials -- Paints and finishes -- Planning, regulations and professional advice -- The principles of green building. |
| 520 ## - SUMMARY, ETC. | |
| Summary, etc. | Discusses construction with materials that have undergone less processing and manufacturing than conventional synthetic materials. Whenever possible products are used that are renewable, originating from crops, and are obtained locally |
| 590 ## - LOCAL NOTE (RLIN) | |
| Local note | KA |
| 651 #4 - SUBJECT ADDED ENTRY--GEOGRAPHIC NAME | |
| Geographic name | United Kingdom |
| Chronological subdivision | |
| 690 ## - LOCAL SUBJECT ADDED ENTRY--TOPICAL TERM (OCLC, RLIN) | |
| Topical term or geographic name as entry element | BUILT ENVIRONMENT-SUSTAINABLE CONSTRUCTION |
| 942 ## - ADDED ENTRY ELEMENTS (KOHA) | |
| Suppress in OPAC | 0 |
| Withdrawn status | Lost status | Source of classification or shelving scheme | Damaged status | Not for loan | Home library | Current library | Shelving location | Date acquired | Total Checkouts | Full call number | Barcode | Date last seen | Date last checked out | Copy number | Price effective from | Koha item type |
|---|---|---|---|---|---|---|---|---|---|---|---|---|---|---|---|---|
| Dewey Decimal Classification | London | London | Books | 16/01/2007 | 3 | 333.72 WOO | 30073417 | 06/08/2019 | 20/10/2009 | 1 | 06/08/2019 | Book |